Piłkarze Bayern Monachium - nagła śmierć - Statystyki

Ogólne statystyki
  • Ten quiz został rozwiązany 364 razy
  • Średni wynik to 8 z 10
Answers on the Grid
Answers color-coded by a green-red scale on the quiz's grid according to % correct below.
F. Wirtz
H. Kane
M. Neuer
B. Kapustka
A. Davies
M. Olise
J. Kimmich
K. Mbappe
T. Muller
V. Boniface
L. Sane
G. Vidović
S. Mane
S. Gnabry
J. Musiala
Adeyemi
 
Statystyki odpowiedzi
Odpowiedź % Poprawnych
H. Kane
91%
M. Neuer
87%
J. Kimmich
85%
T. Muller
84%
A. Davies
83%
M. Olise
81%
L. Sane
80%
S. Gnabry
76%
J. Musiala
73%
G. Vidović
33%
Nie znaleziono quizów pasujących do podanych kryteriów
Rozkład punktacji
Procent ludzi z każdym wynikiem
Percentyl według liczby udzielonych odpowiedzi
Twoja historia wyników
Nie rozwiązałeś tego quizu